Liquid-liquid systems /

Guardado en:
Otros Autores: Ricci, Larry., (Editor , ed.)
Formato: Libro
Idioma:English
Publicado: New York : Chemical Engineering, 1980.
Series:Separation techniques ; 1
Materias:
Etiquetas: Agregar Etiqueta
Sin Etiquetas, Sea el primero en etiquetar este registro!
LEADER 00901cam a22002535a 4500
001 EIQ.libpla002910
008 791220s1980####nyua#####b####001#0#eng#d
005 20070914185650.0
245 0 0 |a Liquid-liquid systems /  |c edited by Larry Ricci and the staff of Chemical engineering. 
260 |a New York :  |b Chemical Engineering,  |c 1980. 
300 |a 368 p. :  |b il. ;  |c 29 cm. 
440 0 |a Separation techniques ;  |v 1 
504 |a Incluye referencias bibliográficas e índice. 
020 |a 0070107114 
020 |a 0076066525 (pbk.) 
700 1 |a Ricci, Larry.,  |e ed.  |4 edt 
082 0 0 |a 660.2/842 s  |a 660.2/842 
650 4 |a Procesos  |x Separación (Tecnología). 
650 4 |a Procesos  |x Líquidos. 
650 4 |a Processes  |x Separation (Technology). 
650 4 |a Processes  |x Liquids. 
010 |a  79027362  
040 |a DLC  |c DLC  |d DLC  |d OCoLC  |d AR-BbSID 
859 |a AR-BbSID  |b BIB. PLAPIQUI  |h 660.284 2  |i L 669  |p 2040